000 00327nam a2200133Ia 4500
005 20251222144847.0
008 251222s9999||||xx |||||||||||||| ||spa||
020 _a0-19-437202-2
082 _a425.01/W92S
100 _aWright, Andrew
245 0 _aStorytelling With Children
264 _bUniversidad de Oxford
942 _cLIB
999 _c21456
_d21456